Fatally flaky [sound recording] / Diane Mott Davidson.
Set in Aspen Meadows, Colorado, Goldy Schulz, an amateur sleuth and food catering extraordinaire, stars in Diane Mott Davidson's culinary-themed mystery series. With recipes interwoven into the plotlines, Davidson's mysteries make for a delicious listen. In Fatally Flaky, Goldy must deal with an overwhelmingly difficult bride while investigating a murder.
Record details
- ISBN: 9780061712586
- ISBN: 0061712582
- Physical Description: 9 sound discs (approximately 10.5 hr.) : digital ; 4 3/4 in.
- Edition: Unabridged.
- Publisher: New York : Harper Audio, p2009.
Content descriptions
| Participant or Performer Note: | Read by Barbara Rosenblat. |
| System Details Note: | Compact disc. |
Search for related items by subject
Search for related items by series
Available copies
- 1 of 1 copy available at scottsboropl.
Holds
- 0 current holds with 1 total copy.
Other Formats and Editions
Show All Copies
| Location | Call Number / Copy Notes | Barcode | Shelving Location | Status | Due Date |
|---|---|---|---|---|---|
| scottsboropl | BK/CD Dav | 32269001136707 | Adult - Audiobook | Available | - |
| LDR | 01632cim a2200385 a 4500 | ||
|---|---|---|---|
| 001 | 120210 | ||
| 003 | CONS | ||
| 005 | 20140703090841.0 | ||
| 007 | sd fungnnmmned | ||
| 008 | 090409s2009 nyunnnn f n eng d | ||
| 020 | . | ‡a9780061712586 | |
| 020 | . | ‡a0061712582 | |
| 028 | 0 | 2. | ‡aUACD5754(9) ‡bHarper Audio |
| 035 | . | ‡a(CPomAG)LMN403488 | |
| 050 | 0. | ‡aPS3554.A925 ‡bF38 2009 | |
| 100 | 1 | . | ‡aDavidson, Diane Mott. |
| 245 | 1 | 0. | ‡aFatally flaky ‡h[sound recording] / ‡cDiane Mott Davidson. |
| 250 | . | ‡aUnabridged. | |
| 260 | . | ‡aNew York : ‡bHarper Audio, ‡cp2009. | |
| 300 | . | ‡a9 sound discs (approximately 10.5 hr.) : ‡bdigital ; ‡c4 3/4 in. | |
| 440 | 0. | ‡aCulinary mystery series ; ‡v# 15 | |
| 538 | . | ‡aCompact disc. | |
| 511 | 0 | . | ‡aRead by Barbara Rosenblat. |
| 520 | . | ‡aSet in Aspen Meadows, Colorado, Goldy Schulz, an amateur sleuth and food catering extraordinaire, stars in Diane Mott Davidson's culinary-themed mystery series. With recipes interwoven into the plotlines, Davidson's mysteries make for a delicious listen. In Fatally Flaky, Goldy must deal with an overwhelmingly difficult bride while investigating a murder. | |
| 650 | 0. | ‡aBear, Goldy (Fictitious character). | |
| 650 | 0. | ‡aWomen in the food industry ‡vFiction. | |
| 650 | 0. | ‡aCaterers and catering ‡vFiction. | |
| 650 | 0. | ‡aWeddings ‡vFiction. | |
| 650 | 0. | ‡aCooking ‡vFiction. | |
| 650 | 0. | ‡aAudiobooks. | |
| 651 | 0. | ‡aColorado ‡vFiction. | |
| 650 | 0. | ‡aHumorous stories. | |
| 700 | 1 | . | ‡aRosenblat, Barbara. |
| 959 | . | ‡i32269001136707 ‡lBK/CD Dav ‡aAdult - Audiobook ‡tAudiobook ‡g40.00 | |
| 852 | . | ‡p32269001136707 ‡jBK/CD Dav ‡gAdult - Audiobook ‡cAudiobook ‡y40.00 ‡bSBPL | |
| 901 | . | ‡a120210 ‡bUnknown ‡c120210 ‡tbiblio | |